000
00299nam a22001337a 4500
008
210224b ||||| |||| 00| 0 eng d
020
_a
0882841254
041
_a
eng
080
_a
33
100
_a
59
101
_a
BIZ
245
_a
Applied Business Communication
_c
Feinberg ,O.L
942
_2
udc
_c
BK
999
_c
55146
_d
55146